00616nam a2200229 u 450000100100000000500170001000800410002702000150006804100090008304300130009210000250010524500490013025000120017926000410019130000170023249000240024950600130027365000210028665000240030765000240033165000310035500005681020200120223329.0130621s2000 sp a gr 000 j spa d a84241318430 a|spa ae-spa---1 aAlcántara, Ricardo10aAventura en la playa /cRicardo Alcántara. a2a. ed. aLeón (España) :bEverest,c2000. a47 p. :bil. 0aMontaña encantada0 aInfantil14aAlbún infantil24aLiteratura infantil24aLiteratura uruguaya24aAventuras en la literatura